000
00252 a2200109 4500
001
51157
040
_c
Anchieta - Pituba
240
1
0
_a
Zirkus Pasch
_l
245
1
0
_a
Zirkus Pasch
650
4
_a
Línguas germânicas (teutônicas) língua alemã
942
_c
MX
999
_c
51157
_d
51157